000 00678nam a2200193 i 4500
001 89691
003 ES-MaACL
005 20230906180240.0
007 t|
008 050112s1962 sp ||||1| spa d
100 1 _aLassrich, M. A.
_970485
245 1 0 _aAtlas de Roentgenografía pediátrica /
_cpor M.A. Lassrich, R. Prévôt y K.H. Schèafer ; publicado por K.H. Schèafer ; traducción por Santiago Vilahur Pedrals.
260 _aBarcelona, etc. :
_bLabor,
_c1962.
300 _aXII, 333 p. :
_bil. ;
_c27 cm.
700 1 _aPrévôt, R.
_993826
700 1 _aSchèafer, K. H.
_9132588
700 1 _aVilahur Pedrals, Jaime.
_9114765
852 _aES-MaACL
_jC-21826
_bR.50632
999 _c89691
_d89691